Catálogo
Digital

Catálogo
Digital

Análisis jurídico teórico practico del código orgánico integral penal (Record no. 14194)

MARC details
000 -CABECERA
campo de control de longitud fija 01705nam a2200313 4500
003 - IDENTIFICADOR DEL NÚMERO DE CONTROL
campo de control EC-UNACH
005 - FECHA Y HORA DE LA ÚLTIMA TRANSACCIÓN
campo de control 20251117145622.0
006 - CÓDIGOS DE INFORMACIÓN DE LONGITUD FIJA--CARACTERÍSTICAS DEL MATERIAL ADICIONAL
campo de control de longitud fija s||||gr|||| 00| 00
008 - DATOS DE LONGITUD FIJA--INFORMACIÓN GENERAL
campo de control de longitud fija 150116t9999 mx r gr 000 0 spa d
020 ## - NÚMERO INTERNACIONAL ESTÁNDAR DEL LIBRO
Número Internacional Estándar del Libro S/N
040 ## - FUENTE DE LA CATALOGACIÓN
Centro catalogador/agencia de origen EC-UNACH
Centro/agencia transcriptor EC-UNACH
041 ## - CÓDIGO DE LENGUA
Código de lengua del texto/banda sonora o título independiente spa
082 04 - NÚMERO DE LA CLASIFICACIÓN DECIMAL DEWEY
Número de edición 23
Número de clasificación 345
Número de documento/Ítem L018325
110 ## - ENTRADA PRINCIPAL--NOMBRE DE ENTIDAD CORPORATIVA
Nombre de entidad corporativa o nombre de jurisdicción como elemento de entrada Indugraf
245 ## - MENCIÓN DE TÍTULO
Título Análisis jurídico teórico practico del código orgánico integral penal
250 ## - MENCIÓN DE EDICIÓN
Mención de edición Primera edición
264 ## - Producción, publicación, distribución, fabricación y copyright
Lugar de producción, publicación, distribución, fabricación Ecuador
Nombre del de productor, editor, distribuidor, fabricante Indugraf
Fecha de de producción, publicación, distribución, fabricación o copyright 2014
300 ## - DESCRIPCIÓN FÍSICA
Extensión 333
505 ## - NOTA DE CONTENIDO CON FORMATO
Nota de contenido con formato Texto de la exposición de motivos del COIP - Análisis jurídico de la exposición de motivos del COIP - Texto del considerando del COIP - Normativa constitucional sobre la dignidad humana - Gratinas y principios rectores del proceso penal - Que son los principios - El derecho por principios - Que y cuales son los principios procesales - Significado del COIP - Que es interpretar - Reseña histórica del principio de presunción de inocencia - Normativa en tratados internacionales - Que es presunción - Que clase de presunción es la de inocencia - Análisis sobre la pena - El recurso de hecho en el COIP - Normativa constitucional - Normativa sustantiva -Que es impugnar - Concepto de recurso de hecho - Sanciones a las y los jueces - La defensa técnica y la responsabilidad del abogado y abogada. Que son los principios.
650 ## - PUNTO DE ACCESO ADICIONAL DE MATERIA--TÉRMINO DE MATERIA
Término de materia o nombre geográfico como elemento inicial QUE SON LOS PRINCIPIOS
650 ## - PUNTO DE ACCESO ADICIONAL DE MATERIA--TÉRMINO DE MATERIA
Término de materia o nombre geográfico como elemento inicial TRAMITE DE RECURSO DE HECHO
650 ## - PUNTO DE ACCESO ADICIONAL DE MATERIA--TÉRMINO DE MATERIA
Término de materia o nombre geográfico como elemento inicial ANALISIS SOBRE LA NORMA JURIDICA
700 ## - PUNTO DE ACCESO ADICIONAL--NOMBRE DE PERSONA
Nombre de persona Dr José Carlos García Falconi
942 ## - ELEMENTOS DE PUNTO DE ACCESO ADICIONAL (KOHA)
Fuente del sistema de clasificación o colocación Clasificación Decimal Dewey
Tipo de ítem Koha Libros
999 ## - NÚMEROS DE CONTROL DE SISTEMA (KOHA)
Koha biblionumber 14194
Holdings
Estado de pérdida Fuente del sistema de clasificación o colocación Estado dañado No para préstamo Localización permanente Ubicación/localización actual Ubicación en estantería Fecha de adquisición Fuente de adquisición Número de inventario Total de préstamos Signatura topográfica completa Código de barras Fecha visto por última vez Precio válido a partir de Tipo de ítem Koha Centro de costos
  Clasificación Decimal Dewey     Biblioteca Campus Norte Biblioteca Campus Norte Facultad de Ciencias Políticas y Administrativas - Generalidades 17/11/2025 Transitoria segunda Resolución N°0311-CU-UNACH-SE-ORD-16-09-24 39932786   345 GAR L018325 L018325 17/11/2025 17/11/2025 Libros  

Powered by Koha